000 01382cam a22002054a 4500
005 20250605164047.0
008 250528s ||||||||||||||||||||||||d
035 _a17148
020 _a256140227
040 _aGR-AtMCL
_bgre
_dGR-AtMCL
_eAACR2
245 1 _aApplied Statistics for Business and Economics / Second Edition
250 _a2nd
260 _bIrwin Mcgraw-Hill,
_c1995
300 _a1052
520 _aThe Role of Statistics, Describing Data Sets, Measures of Central Tendency and Dispersion, Principles of Probability, Probability Distributions, The Normal Distribution, Sampling Distributions: An Introduction to Inferential Statistics, Estimating with Confidence Intervals, Hypothesis Testing, Inferences Using Two Populations: Confidence Intervals and Hypothesis Tests, Techniques of Quality Control, Tests of Variances and Analysis of Variance, Simple Regression and Correlation Analysis, Multiple Regression and Correlation Analysis, Multiple Regression and Correlation, Dummy Variables and Residual Analysis: Extensions of Regression and Correlation, Chi-Square and Other Nonparametric Tests, Time-Series Analysis and Forecasting, Index Numbers, Decision Analysis, Business Report Writing, Answers to Selected Even-Numbered Problems, Statistical Tables, Index.
700 1 _aWebster Allen L
_93297
942 _cBK
999 _c2587
_d2587